Word Ladder: The Man Behind the Mask Quiz Stats

 Plays Quiz Updated Sep 24, 2019

Score 0/20 Timer 02:00
0 Plays Today
Clue 3-Letter Word % Correct
Optical organEYE
97.9%
Perform on stageACT
96.7%
Picasso outputART
96.4%
Not goodBAD
95.9%
Stain with colorDYE
95.8%
Supply with weaponsARM
95.7%
Prepare to fireAIM
95.3%
Unreturned tennis serveACE
94.9%
Pool stickCUE
94.3%
• Passenger vehicle •• CAR •
94%
Clue 3-Letter Word % Correct
Payable immediatelyDUE
93.3%
Lamb's motherEWE
93.1%
Sleep on itBED
91.9%
Reverential wonderAWE
91.1%
Mongrel dogCUR
88.6%
Cardinal or brick, e.g.RED
84.4%
Ocean inletBAY
81.3%
• Parsons or Plunkett, e.g. •• JIM •
78%
Coral isletCAY
77.9%
Star Wars heroine •• REY •
59.7%

Today's Daily Dose

Missing Word
1940s A-Z

Quick Pick
'S' Athletes

Get the Picture
Depp or Bonham Carter

You're not logged in!

Compare scores with friends on all Sporcle quizzes.
OR
Log In

Sporcle TV

Today on Sporcle TV


Watch our educational content, quiz creation guides, and fun videos on Sporcle TV.

Show Comments

Extras

Top Quizzes Today


Score Distribution

Your Account Isn't Verified!

In order to create a playlist on Sporcle, you need to verify the email address you used during registration. Go to your Sporcle Settings to finish the process.

Report this User

Report this user for behavior that violates our Community Guidelines.

Details: